| 000 | 01214nam a22003737a 4500 | ||
|---|---|---|---|
| 001 | 4190754 | ||
| 003 | OSt | ||
| 005 | 20210426112552.0 | ||
| 008 | 801124s1981 mau 001 0aeng | ||
| 010 | _a 80027373 | ||
| 020 | _a0395305098 | ||
| 020 | _a0395311357 (special ed.) : | ||
| 040 |
_aDLC _cDLC _dDLC _beng |
||
| 041 | _aeng | ||
| 043 | _an-us--- | ||
| 050 | 0 | 0 |
_aHB119.G33 _bA34 |
| 080 |
_a92 _bG-15 |
||
| 082 | 0 | 0 |
_a330/.092/4 _aB _219 |
| 100 | 1 |
_aGalbraith, John Kenneth, _d1908-2006. |
|
| 245 | 1 | 2 |
_aA life in our times : _bmemoirs / _c/ by: Houghton Mifflin Company |
| 260 |
_aBoston : _bHoughton Mifflin Company _c1981. |
||
| 300 |
_ax, 563 p. ; _c24 cm. |
||
| 365 | _b16.95 usd | ||
| 500 | _aIncludes index. | ||
| 600 | 1 | 0 |
_aGalbraith, John Kenneth, _d1908-2006. |
| 650 | 0 |
_aEconomists _zUnited States _xBiography. |
|
| 650 | 0 |
_aBiography _9237 |
|
| 651 | 0 |
_aUnited States _xPolitics and government _y1945-1989. |
|
| 653 | _aბიოგრაფია | ||
| 653 | _aეკონომიკა | ||
| 856 | 4 | 2 |
_3Contributor biographical information _uhttp://www.loc.gov/catdir/enhancements/fy0736/80027373-b.html |
| 906 |
_a7 _bcbc _corignew _du _eocip _f19 _gy-gencatlg |
||
| 942 |
_2udc _cBK |
||
| 999 |
_c976 _d976 |
||